000 00676nam a2200205Ii 4500
003 JO-AjNU
008 230605s9999||||xx |||||||||||||| ||und||
040 _aJO-AjNU
_bara
_erda
_cJO-AjNU
041 _aara
050 1 4 _aBP75.2.I2598.1985
100 3 _aبن كثير، ابي الفداء اسماعيل ,
_eauthor
_935308
245 0 0 _aالفصول في سيرة الرسول صلى الله عليه وسلم
250 _aط1
264 3 1 _aبيروت:دار الكتب العلمية ،1985
300 _a183ص
336 _atext
_btxt
_2rdacontent
337 _aunmediated
_bn
_2rdamedia
338 _avolume
_bnc
_2rdacarrier
650 4 _aسيرة نبوية
_935309
999 _aA14564
_c18132
_d18132